Football sélectionneur de l'équipe de France - Statistiques

Statistiques générales
  • Ce quiz a été pris 81 fois
  • Le résultat moyen est 7 sur 15
Statistiques - réponses
Hint Réponse % Correct
2012-2026 Deschamps
100%
2010-2012 Blanc
91%
2004-2010 Domenech
89%
1994-1998 Jacquet
84%
1988-1992 Platini
69%
2002-2004 Santini
47%
1998-2002 Lemerre
45%
1976-1984 Hidalgo
43%
1967 Fontaine
41%
1984-1988 Michel
32%
1992-1993 Houiller
26%
1973-1975 Kovacs
9%
1969-1973 Boulogne
3%
1967-1968 Dugauguez
3%
1964-1966 Guérin
3%
Aucun quiz correspondant
Distribution des résultats
% des personnes avec chaque résultat
Percentile par nombre de réponses
Votre historique - résultats
Vous n’avez pas pris ce quiz